000 01059nam a2200301 i 4500
001 67292
003 ES-MaACL
005 20250822050542.0
007 t|
008 040517s2003 sp ||||1| spa d
020 _a84-667-2718-3
080 _a027(460.235 Parets)
080 _a028.6
100 1 _aEscardó i Bas, Mercè.
_947508
245 1 3 _aLa biblioteca, un espacio de convivencia /
_cMercè Escardó i Bas.
250 _a1ª ed.
260 _aMadrid :
_bGrupo Anaya,
_c2003.
300 _a251 p. ;
_c20 cm +
_e1 CD-ROM.
490 1 _aLa sombra de la palabra ;
_v8
505 8 _aContiene 1 CD-ROM con las actividades realizadas en la biblioteca
610 2 7 _aBiblioteca Infantil i Juvenil Can Butjosa (Parets del Vallès)-
_xActividad cultural.
_92180
650 7 _aAnimación a la lectura
_2embne
_99827
650 1 4 _aBibliotecas infantiles.
_910545
830 0 _aLa sombra de la palabra ;
_v8
_9230886
852 _aES-MaACL
_jL-27533
_bR.133845
_z. - Libro
852 _aES-MaACL
_jROT 2/1/20
_z. - CD-ROM
999 _c67292
_d67292